000 01169nam a2200337Ia 4500
001 Para_7643
003 CHAP
008 220125s2002 xx 000 0 und d
010 _a206537
040 _cCHAP
090 _aPA TESIS 1626
100 _aMera Martínez, Mireya
_9172831
245 _aImpacto de la cobertura vegetal de Arachis pintoi y las malezas, sobre la dinámica poblacional de Homoptera y Hemiptera, en limón persa (Citrus latifoliaTan.) /
_c por Mireya Meraz Martínez
260 _aChapingo, Méx. :
_b el autor
300 _a51 h.
502 _aTesis (Ing. Agr. Esp. en Parasitología Agrícola) -- UACh. Departamento Parasitología Agrícola
650 _aAgricultura sustentable
_92010
650 _aCultivos de cobertura
_930371
650 _aHemipteros
_953511
650 _aHomopteros
_956067
650 _aInsectos
_958888
650 _aLimón
_x plagas
_966844
710 _aUACh. Departamento Parasitología Agrícola
_9164025
901 _aPA TESIS 1626
902 _aA
905 _a0000002002 ai 0000000000 00
910 _a2002
942 _cPARA
942 _cPARA
_d1
999 _c206537
_d206537